[Event "Landesklasse Ost 2012/2013"]
[Site "?"]
[Date "2013.02.17"]
[Round "7"]
[White "Manicke, Hans-Joachim"]
[Black "Osterloh, Felix"]
[Result "1/2-1/2"]
[WhiteElo "1917"]
[BlackElo "1795"]
[PlyCount "81"]
[EventDate "2013.??.??"]
[WhiteTeam "VfL 1990 Gera"]
[BlackTeam "SV Schott Jena"]

1. b4 e5 2. Bb2 d6 3. e3 Nf6 4. c4 g6 5. Nf3 Bg7 6. Be2 O-O 7. O-O Re8 8. Nc3
Nbd7 9. d3 Nf8 10. a4 Nh5 11. d4 e4 12. Nd2 Nf6 13. a5 h5 14. b5 a6 15. Qc2 Bf5
16. Nb3 N8h7 17. c5 axb5 18. Nxb5 dxc5 19. Qxc5 c6 20. Na3 Be6 21. Nd2 Qxa5 22.
Nac4 Qxc5 23. dxc5 Bxc4 24. Nxc4 Bf8 25. Bd4 Nd5 26. Nb6 Nxb6 27. cxb6 Ng5 28.
Ra7 Ne6 29. Rxb7 Nxd4 30. exd4 Rab8 31. Rxb8 Rxb8 32. Rb1 Bg7 33. b7 Bxd4 34.
Ba6 Ba7 35. Rd1 Kf8 36. Rd7 Ke8 37. Rc7 Rd8 38. Kf1 Bb8 39. Rxc6 Kd7 40. Rc8 f5
41. Ke2 1/2-1/2

[Event "Landesklasse Ost 2012/2013"]
[Site "?"]
[Date "2013.02.17"]
[Round "7"]
[White "Schlachetka, Werner"]
[Black "Katzer, Michael"]
[Result "1/2-1/2"]
[WhiteElo "1904"]
[BlackElo "1876"]
[PlyCount "48"]
[EventDate "2013.??.??"]
[WhiteTeam "SV Schott Jena"]
[BlackTeam "VfL 1990 Gera"]

1. e4 e6 2. d3 d5 3. Nd2 Nf6 4. g3 dxe4 5. dxe4 Bc5 6. Bg2 e5 7. Ngf3 Nc6 8. h3
Qe7 9. c3 a5 10. a4 O-O 11. O-O Rd8 12. Qc2 b6 13. Re1 Ba6 14. Bf1 Bxf1 15.
Kxf1 Qd7 16. Kg2 h6 17. Nc4 Qe6 18. b3 Rd7 19. Be3 Bxe3 20. Nxe3 Rad8 21. Rad1
Rxd1 22. Rxd1 Rxd1 23. Nxd1 Qd6 24. Ne3 Nd7 1/2-1/2

[Event "Landesklasse Ost 2012/2013"]
[Site "?"]
[Date "2013.02.17"]
[Round "7"]
[White "Seidens, Gunter"]
[Black "Berkov, Mikhail"]
[Result "1-0"]
[WhiteElo "2004"]
[BlackElo "1829"]
[PlyCount "97"]
[EventDate "2013.??.??"]
[WhiteTeam "VfL 1990 Gera"]
[BlackTeam "SV Schott Jena"]

1. d4 Nf6 2. Nf3 g6 3. c4 Bg7 4. g3 c6 5. Bg2 d5 6. Nbd2 O-O 7. h3 Na6 8. a3
Qa5 9. O-O Qc7 10. b4 dxc4 11. Nxc4 Be6 12. Bf4 Qc8 13. Rc1 Bxh3 14. b5 Bxg2
15. Kxg2 Nc7 16. bxc6 Ncd5 17. Be5 bxc6 18. Na5 Ng4 19. Qd3 Bh6 20. Rc5 f6 21.
e4 Nxe5 22. Nxe5 Nf4+ 23. gxf4 fxe5 24. f5 gxf5 25. Rxc6 Qd8 26. Rxh6 Qxa5 27.
Qg3+ Kf7 28. Rxh7+ Ke8 29. dxe5 Qb6 30. Qg7 Qe6 31. exf5 Qd5+ 32. Kh2 Qf7 33.
Qxf7+ Rxf7 34. Rh8+ Rf8 35. Rxf8+ Kxf8 36. Rc1 Rd8 37. Rc5 Rd3 38. Kg2 Rxa3 39.
f4 a5 40. Rc8+ Kg7 41. e6 Rd3 42. Re8 Kf6 43. Rf8+ Kg7 44. Rf7+ Kg8 45. Rxe7
Rd5 46. f6 Rf5 47. Re8+ Kh7 48. f7 Kg7 49. Rg8+ 1-0

[Event "Landesklasse Ost 2012/2013"]
[Site "?"]
[Date "2013.02.17"]
[Round "7"]
[White "Mauch, Johannes"]
[Black "Huster, Mike"]
[Result "0-1"]
[WhiteElo "1582"]
[BlackElo "1913"]
[PlyCount "44"]
[EventDate "2013.??.??"]
[WhiteTeam "SV Schott Jena"]
[BlackTeam "VfL 1990 Gera"]

1. Nf3 Nf6 2. g3 e6 3. Bg2 d5 4. O-O Be7 5. c4 O-O 6. Qc2 Nbd7 7. d3 b6 8. Nc3
Bb7 9. a3 c5 10. Na2 Rc8 11. b3 Qc7 12. Qb2 Bd6 13. Nc3 a6 14. Bd2 Rfe8 15. a4
d4 16. Nd1 a5 17. e4 dxe3 18. Nxe3 Ne5 19. Ne1 Bxg2 20. Kxg2 Rcd8 21. d4 cxd4
22. Qxd4 Bb4 0-1

[Event "Landesklasse Ost 2012/2013"]
[Site "?"]
[Date "2013.02.17"]
[Round "7"]
[White "Kretzschmar, Bernd"]
[Black "Richter, Jan"]
[Result "1/2-1/2"]
[WhiteElo "1862"]
[BlackElo "1902"]
[PlyCount "56"]
[EventDate "2013.??.??"]
[WhiteTeam "VfL 1990 Gera"]
[BlackTeam "SV Schott Jena"]

1. e4 e6 2. d4 d5 3. e5 c5 4. c3 Nc6 5. Nf3 Qb6 6. a3 Nh6 7. b4 cxd4 8. cxd4
Nf5 9. Be3 f6 10. exf6 gxf6 11. Bd3 Nxe3 12. fxe3 e5 13. Nh4 Be6 14. O-O O-O-O
15. Nc3 Bh6 16. Nf5 Bxf5 17. Bxf5+ Kb8 18. Qf3 e4 19. Qg3+ Ka8 20. Be6 Ne7 21.
Bf5 Rhg8 22. Qh3 Bg5 23. Kh1 h5 24. Na4 Qb5 25. Nc5 Nxf5 26. Rxf5 Qe2 27. Ne6
Qxe3 28. Nxg5 Qxd4 1/2-1/2

[Event "Landesklasse Ost 2012/2013"]
[Site "?"]
[Date "2013.02.17"]
[Round "7"]
[White "Jordan, Gunter"]
[Black "Fijalkowski, Jürgen"]
[Result "1/2-1/2"]
[WhiteElo "1845"]
[BlackElo "1811"]
[PlyCount "34"]
[EventDate "2013.??.??"]
[WhiteTeam "SV Schott Jena"]
[BlackTeam "VfL 1990 Gera"]

1. d4 d5 2. c4 e6 3. Nc3 Nf6 4. Bg5 Be7 5. e3 O-O 6. Nf3 c6 7. Rc1 Nbd7 8. Bd3
dxc4 9. Bxc4 b5 10. Bd3 Bb7 11. O-O a6 12. Ne4 Rc8 13. Nxf6+ Nxf6 14. Ne5 c5
15. Bb1 Qd5 16. Nf3 cxd4 17. Qxd4 Qxd4 1/2-1/2

[Event "Landesklasse Ost 2012/2013"]
[Site "?"]
[Date "2013.02.17"]
[Round "7"]
[White "Schönfeld, Volker"]
[Black "Richter, Sebastian"]
[Result "1/2-1/2"]
[WhiteElo "1878"]
[BlackElo "1761"]
[PlyCount "57"]
[EventDate "2013.??.??"]
[WhiteTeam "VfL 1990 Gera"]
[BlackTeam "SV Schott Jena"]

1. e4 e5 2. Nc3 Nf6 3. f4 d5 4. fxe5 Nxe4 5. Qf3 Nxc3 6. bxc3 Be7 7. d4 Be6 8.
Bd3 c5 9. Ne2 c4 10. Bf5 Bxf5 11. Qxf5 Qd7 12. Qf3 Na6 13. O-O f6 14. Nf4 O-O-O
15. e6 Qc6 16. Qg4 g6 17. Re1 Nc7 18. a4 f5 19. Qe2 Rhe8 20. Qe5 Bd6 21. Qg7
Bxf4 22. e7 Bxh2+ 23. Kxh2 Qd6+ 24. g3 Rd7 25. Ba3 Qc6 26. a5 g5 27. Qxg5 Qg6
28. Qe3 f4 29. Qxf4 1/2-1/2

[Event "Landesklasse Ost 2012/2013"]
[Site "?"]
[Date "2013.02.17"]
[Round "7"]
[White "Flechsig, Bernd"]
[Black "Drechsel, Uwe"]
[Result "1/2-1/2"]
[WhiteElo "1707"]
[BlackElo "1771"]
[PlyCount "77"]
[EventDate "2013.??.??"]
[WhiteTeam "SV Schott Jena"]
[BlackTeam "VfL 1990 Gera"]

1. e4 e6 2. d3 d5 3. Qe2 d4 4. f4 c5 5. Nf3 Nc6 6. g3 Nge7 7. Bg2 g6 8. O-O Bg7
9. Na3 O-O 10. g4 f5 11. h3 fxg4 12. hxg4 a6 13. Ng5 Bf6 14. Nh3 h6 15. Bd2 Bg7
16. Qe1 b5 17. Qh4 Ra7 18. f5 exf5 19. Bxh6 Bf6 20. Bg5 Bxg5 21. Nxg5 Kg7 22.
gxf5 gxf5 23. Qh7+ Kf6 24. Qh6+ Ng6 25. Nh7+ Rxh7 26. Qxh7 Rh8 27. e5+ Ncxe5
28. Qa7 Qd6 29. Rae1 Ng4 30. Rf3 Bd7 31. Qb7 Nh4 32. Rh3 Kg5 33. Nb1 Rh6 34.
Qa8 Ne3 35. Qd8+ Rf6 36. Qg8+ Ng6 37. Qh7 Nf4 38. Qh4+ Kg6 39. Qh7+ 1/2-1/2

[Event "Landesklasse Ost 2012/2013"]
[Site "?"]
[Date "2013.02.17"]
[Round "7"]
[White "Sack, Matthias"]
[Black "Fuchs, Antje"]
[Result "1/2-1/2"]
[WhiteElo "1964"]
[BlackElo "2022"]
[PlyCount "41"]
[EventDate "2013.??.??"]
[WhiteTeam "SV Hermsdorf"]
[BlackTeam "TSV Zeulenroda"]

1. e4 c5 2. c3 d5 3. exd5 Qxd5 4. d4 Nf6 5. Nf3 Bg4 6. Be2 e6 7. O-O Nc6 8. Na3
Rc8 9. Nc2 cxd4 10. cxd4 Bxf3 11. Bxf3 Qd7 12. Bg5 Nd5 13. Ne3 Be7 14. Bxe7
Ncxe7 15. Nxd5 Nxd5 16. Bxd5 Qxd5 17. Qa4+ b5 18. Qxa7 O-O 19. Rfc1 Qg5 20.
Rxc8 Rxc8 21. Rf1 1/2-1/2

[Event "Landesklasse Ost 2012/2013"]
[Site "?"]
[Date "2013.02.17"]
[Round "7"]
[White "Moje, Hans-Jürgen"]
[Black "Ahnert, Toni"]
[Result "1/2-1/2"]
[WhiteElo "1783"]
[BlackElo "1937"]
[PlyCount "29"]
[EventDate "2013.??.??"]
[WhiteTeam "SV Hermsdorf"]
[BlackTeam "TSV Zeulenroda"]

1. e4 c5 2. d4 cxd4 3. c3 Nf6 4. e5 Nd5 5. cxd4 e6 6. Nf3 Nc6 7. Bc4 Nb6 8. Bb3
d6 9. O-O dxe5 10. dxe5 Qxd1 11. Rxd1 Bd7 12. Nc3 Na5 13. Be3 Nbc4 14. Bxc4
Nxc4 15. Bd4 1/2-1/2

[Event "Landesklasse Ost 2012/2013"]
[Site "?"]
[Date "2013.02.17"]
[Round "7"]
[White "Barth, Christian"]
[Black "Pietzsch, Gerhard"]
[Result "1/2-1/2"]
[WhiteElo "1881"]
[BlackElo "1804"]
[PlyCount "87"]
[EventDate "2013.??.??"]
[WhiteTeam "TSV Zeulenroda"]
[BlackTeam "SV Hermsdorf"]

1. e4 c5 2. Nf3 Nc6 3. d4 cxd4 4. Nxd4 Nf6 5. f3 e6 6. c4 d6 7. Be3 Be7 8. Nc3
O-O 9. Be2 d5 10. exd5 exd5 11. Nxc6 bxc6 12. O-O Be6 13. cxd5 cxd5 14. Nb5 a6
15. Nd4 Bd7 16. Qd2 Qb8 17. Rfd1 Bd6 18. f4 Ne4 19. Qc1 Rc8 20. Nc2 Ba4 21. b3
Nc3 22. Re1 Bb5 23. Bf3 Bd3 24. Qd2 Bxc2 25. Qxc2 Bxf4 26. Bxf4 Qxf4 27. Qd3
Qd6 28. Rec1 Qf6 29. Bxd5 Nxd5 30. Qxd5 Rxc1+ 31. Rxc1 Rd8 32. Qc4 Qb6+ 33. Kh1
g6 34. h3 Rd4 35. Qc5 Rd1+ 36. Kh2 Qb8+ 37. Qc7 Qxc7+ 38. Rxc7 Rd2 39. a4 Rd3
40. Rb7 a5 41. Kg1 Kg7 42. Kf2 Kf6 43. Rb5 Ke6 44. b4 1/2-1/2

[Event "Landesklasse Ost 2012/2013"]
[Site "?"]
[Date "2013.02.17"]
[Round "7"]
[White "Markowski, Erhard"]
[Black "Wolfram, Thomas"]
[Result "1/2-1/2"]
[WhiteElo "1713"]
[BlackElo "1721"]
[PlyCount "56"]
[EventDate "2013.??.??"]
[WhiteTeam "SV Hermsdorf"]
[BlackTeam "TSV Zeulenroda"]

1. c4 e6 2. Nf3 d5 3. e3 Bd6 4. Nc3 c6 5. d4 Nd7 6. Bd2 f5 7. Bd3 Nh6 8. h4 O-O
9. Ng5 Nf6 10. f4 Ne4 11. Be2 Ng3 12. Rh3 Nxe2 13. Qxe2 Ng4 14. Nf3 Bd7 15. Qd3
a6 16. Ke2 b5 17. c5 Be7 18. Nd1 Be8 19. Kf1 a5 20. b4 axb4 21. Bxb4 Ra4 22. a3
Qa8 23. Qb3 Bd8 24. Ne5 Nf6 25. Nc3 Ra6 26. Ke2 Ba5 27. Nd3 Bc7 28. Rhh1 Bh5+
1/2-1/2

[Event "Landesklasse Ost 2012/2013"]
[Site "?"]
[Date "2013.02.17"]
[Round "7"]
[White "Werner, Daniel"]
[Black "Pietsch, Karsten"]
[Result "1-0"]
[WhiteElo "1713"]
[BlackElo "1661"]
[PlyCount "61"]
[EventDate "2013.??.??"]
[WhiteTeam "TSV Zeulenroda"]
[BlackTeam "SV Hermsdorf"]

1. e4 e5 2. Nf3 Nf6 3. d4 Nxe4 4. Bd3 d5 5. Nxe5 Nf6 6. O-O Be7 7. Bg5 Be6 8.
Nd2 Nbd7 9. Ndf3 h6 10. Bh4 g5 11. Bg3 c6 12. c3 Qb6 13. Qc2 Nh5 14. Nxd7 Bxd7
15. Ne5 Be6 16. Rae1 Nxg3 17. fxg3 O-O 18. b4 Rae8 19. Ng6 Qc7 20. Nxf8 Bxf8
21. Bf5 Bg7 22. Qf2 b6 23. Rc1 Qd7 24. Bd3 Rc8 25. a4 Qd6 26. Bf5 Qd7 27. Rce1
Re8 28. Bxe6 fxe6 29. Qc2 e5 30. dxe5 Bxe5 31. Qg6+ 1-0

[Event "Landesklasse Ost 2012/2013"]
[Site "?"]
[Date "2013.02.17"]
[Round "7"]
[White "Plötner, Jens"]
[Black "Riemer, Marion"]
[Result "1-0"]
[WhiteElo "1716"]
[BlackElo "1783"]
[PlyCount "85"]
[EventDate "2013.??.??"]
[WhiteTeam "SV Hermsdorf"]
[BlackTeam "TSV Zeulenroda"]

1. d4 f5 2. g3 Nf6 3. Bg2 e6 4. Nh3 d5 5. Nd2 Be7 6. Nf3 Ne4 7. Nf4 g5 8. Nd3
Nd7 9. Nfe5 Nxe5 10. Nxe5 O-O 11. h4 g4 12. Bxe4 dxe4 13. Bh6 Rf6 14. Qd2 Rxh6
15. Qxh6 Qxd4 16. Qf4 Bf6 17. Nxg4 fxg4 18. Rd1 Qxb2 19. Qxg4+ Kh8 20. Qf4 Qb4+
21. Kf1 Qe7 22. g4 Bd7 23. Rxd7 Qxd7 24. Qxf6+ Kg8 25. Qg5+ Kf8 26. Qf4+ Kg8
27. Qxe4 Rf8 28. Rh3 c6 29. Rd3 Qe7 30. g5 Re8 31. Rg3 Qg7 32. Kg2 e5 33. h5
Rf8 34. h6 Rf4 35. Qxf4 exf4 36. hxg7 fxg3 37. Kxg3 Kxg7 38. f4 b5 39. Kf3 a5
40. Ke4 Kf7 41. Kd4 Ke6 42. Kc5 Kf5 43. e3 1-0

[Event "Landesklasse Ost 2012/2013"]
[Site "?"]
[Date "2013.02.17"]
[Round "7"]
[White "Wiedemann, Volker"]
[Black "Sacher, Meik"]
[Result "1/2-1/2"]
[WhiteElo "1817"]
[BlackElo "1933"]
[PlyCount "94"]
[EventDate "2013.??.??"]
[WhiteTeam "TSV Zeulenroda"]
[BlackTeam "SV Hermsdorf"]

1. Nf3 Nf6 2. b3 g6 3. Bb2 Bg7 4. c4 d6 5. d4 O-O 6. Nbd2 Bf5 7. h3 Na6 8. a3
c5 9. e3 Qa5 10. Be2 Ne4 11. O-O Nc3 12. Qe1 Nxe2+ 13. Qxe2 Rab8 14. Rfc1 Qc7
15. Bc3 e5 16. dxe5 dxe5 17. e4 Be6 18. Nf1 f6 19. Ne3 Bh6 20. Rd1 Bxe3 21.
Qxe3 Rbd8 22. Qe2 Nb8 23. Rxd8 Rxd8 24. Rd1 Nc6 25. Rxd8+ Qxd8 26. Bd2 Nd4 27.
Nxd4 cxd4 28. Qd3 Qc8 29. Bb4 Qc6 30. f4 b6 31. fxe5 fxe5 32. Qf3 Bf7 33. g4 a5
34. Bd2 a4 35. bxa4 Bxc4 36. Bb4 Bf7 37. h4 Qc1+ 38. Kf2 Qc2+ 39. Kg3 Qb3 40.
Qxb3 Bxb3 41. a5 bxa5 42. Bxa5 Kf7 43. g5 Ke6 44. Kf2 Kd6 45. Bb4+ Kc6 46. Ke2
Bc2 47. Kf3 Bd1+ 1/2-1/2

[Event "Landesklasse Ost 2012/2013"]
[Site "?"]
[Date "2013.03.24"]
[Round "8"]
[White "Zeuner, Ulrich"]
[Black "Hoffmann, Tim"]
[Result "0-1"]
[WhiteElo "1979"]
[BlackElo "1921"]
[PlyCount "88"]
[EventDate "2013.??.??"]
[WhiteTeam "SV Medizin Erfurt"]
[BlackTeam "ESV Gera"]

1. Nf3 c5 2. g3 g6 3. Bg2 Bg7 4. O-O Nc6 5. e4 e6 6. d3 Nge7 7. Nc3 O-O 8. Be3
Nd4 9. Qd2 f5 10. Bh6 Nxf3+ 11. Bxf3 fxe4 12. Bxe4 d5 13. Bg2 Bxh6 14. Qxh6 Nf5
15. Qd2 Qf6 16. Rab1 Bd7 17. b4 cxb4 18. Rxb4 Bc6 19. Rf4 Qg7 20. d4 Nd6 21.
Ne2 Rae8 22. Rxf8+ Qxf8 23. Nf4 Qf6 24. c3 b5 25. Nd3 Nc4 26. Qh6 a5 27. Re1 e5
28. dxe5 Nxe5 29. Nxe5 Rxe5 30. Rxe5 Qxe5 31. Qd2 Kf8 32. h4 Kg7 33. Qe3 Qxe3
34. fxe3 Kf6 35. Kf2 b4 36. cxb4 axb4 37. Bf1 Ke5 38. Bd3 Bd7 39. Ke2 Be6 40.
Bc2 d4 41. Bb3 Bxb3 42. axb3 Ke4 43. exd4 Kxd4 44. Kd2 h5 0-1

[Event "Landesklasse Ost 2012/2013"]
[Site "?"]
[Date "2013.03.24"]
[Round "8"]
[White "Kube, Hannelore"]
[Black "Gläßl, Matthias"]
[Result "1/2-1/2"]
[WhiteElo "1813"]
[BlackElo "2071"]
[PlyCount "99"]
[EventDate "2013.??.??"]
[WhiteTeam "SV Medizin Erfurt"]
[BlackTeam "ESV Gera"]

1. c4 e5 2. Nc3 d6 3. g3 Nf6 4. Bg2 Nc6 5. Nf3 Be7 6. O-O O-O 7. d3 h6 8. Rb1
Nd4 9. b4 Nxf3+ 10. Bxf3 c6 11. b5 c5 12. a4 Rb8 13. a5 Bh3 14. Re1 Be6 15. a6
bxa6 16. Ra1 axb5 17. Nxb5 d5 18. Nxa7 Qd7 19. Qa4 Qxa4 20. Rxa4 Bd7 21. Ra6
dxc4 22. Nc6 Bxc6 23. Bxc6 cxd3 24. exd3 Rb1 25. Ba4 Ra1 26. Kg2 Bd8 27. Bd2
Rxe1 28. Bxe1 e4 29. dxe4 Nxe4 30. f3 Ng5 31. Bf2 Ne6 32. Rc6 Be7 33. Bb3 Nd4
34. Bxd4 cxd4 35. Rc7 Rb8 36. Bc2 Kf8 37. f4 Bd6 38. Rc6 Ke7 39. Kf3 Rb4 40.
Bd3 Rb3 41. Ke4 Rc3 42. Rc4 Rxc4 43. Bxc4 Bc5 44. g4 g6 45. h4 f6 46. f5 g5 47.
hxg5 hxg5 48. Kd5 Bb6 49. Kc6 Ba5 50. Bd3 1/2-1/2

[Event "Landesklasse Ost 2012/2013"]
[Site "?"]
[Date "2013.03.24"]
[Round "8"]
[White "Knorre, Jonas"]
[Black "Senf, Paul"]
[Result "1/2-1/2"]
[WhiteElo "1600"]
[BlackElo "1586"]
[PlyCount "56"]
[EventDate "2013.??.??"]
[WhiteTeam "SV Medizin Erfurt"]
[BlackTeam "ESV Gera"]

1. d4 f5 2. Nf3 Nf6 3. e3 g6 4. Be2 Bg7 5. O-O O-O 6. b3 d6 7. Bb2 Qe8 8. Nbd2
Nbd7 9. c4 e5 10. Rc1 e4 11. Ne1 g5 12. c5 dxc5 13. dxc5 c6 14. Nc4 Qg6 15. Nd6
f4 16. exf4 gxf4 17. f3 Nd5 18. Bxg7 Ne3 19. Qd4 Qxg7 20. Qxg7+ Kxg7 21. Rf2
exf3 22. Bxf3 Ne5 23. Nxc8 Raxc8 24. Re2 Rcd8 25. Rb1 Rd7 26. Rbb2 Nxf3+ 27.
Nxf3 Rd1+ 28. Re1 Rfd8 1/2-1/2

[Event "Landesklasse Ost 2012/2013"]
[Site "?"]
[Date "2013.03.24"]
[Round "8"]
[White "Hilbig, Dieter"]
[Black "Stumm, Rainer"]
[Result "1-0"]
[WhiteElo "1858"]
[BlackElo "1632"]
[PlyCount "105"]
[EventDate "2013.??.??"]
[WhiteTeam "ESV Gera"]
[BlackTeam "SV Medizin Erfurt"]

1. e4 e6 2. d4 d5 3. Nc3 Nf6 4. Bg5 Be7 5. e5 Nfd7 6. h4 h6 7. Bxe7 Qxe7 8. Bd3
a6 9. Qg4 f5 10. exf6 Nxf6 11. Bg6+ Kd8 12. Qg3 Bd7 13. Nf3 Be8 14. Ne5 Nbd7
15. h5 Nf8 16. O-O-O N6d7 17. Rhe1 Bxg6 18. Nxg6 Nxg6 19. Qxg6 Nf8 20. Qg3 Qf7
21. Re3 Nd7 22. Rde1 Re8 23. Qh4+ Nf6 24. Nxd5 Qxh5 25. Qxh5 Nxh5 26. g4 Kd7
27. Nxc7 Kxc7 28. gxh5 Kd6 29. Rg1 Re7 30. Reg3 Rf8 31. Rxg7 Rxf2 32. R7g6 Kd5
33. Rxh6 Kxd4 34. Rhg6 Rh2 35. h6 e5 36. Rg7 Re8 37. h7 Rh8 38. Rxb7 R8xh7 39.
Rxh7 Rxh7 40. Rg2 Ke3 41. c4 e4 42. c5 Kf3 43. Rg6 e3 44. Rf6+ Ke4 45. Rxa6 Kd3
46. Rd6+ Ke2 47. Kc2 Ke1 48. b4 Rh2+ 49. Kd3 e2 50. Re6 Rh3+ 51. Kc4 Kf2 52.
Rxe2+ Kxe2 53. c6 1-0

[Event "Landesklasse Ost 2012/2013"]
[Site "?"]
[Date "2013.03.24"]
[Round "8"]
[White "Kohl, Gerald"]
[Black "Steinmüller, Johannes"]
[Result "1/2-1/2"]
[WhiteElo "1592"]
[BlackElo "1761"]
[PlyCount "42"]
[EventDate "2013.??.??"]
[WhiteTeam "SV Medizin Erfurt"]
[BlackTeam "ESV Gera"]

1. d4 Nf6 2. c4 g6 3. Nc3 d5 4. cxd5 Nxd5 5. e4 Nxc3 6. bxc3 Bg7 7. Nf3 c5 8.
Be3 O-O 9. Be2 Nc6 10. O-O cxd4 11. Nxd4 Nxd4 12. cxd4 b6 13. Rc1 Bb7 14. f3
Qd7 15. Qd3 Rac8 16. Rfd1 Rxc1 17. Rxc1 Rc8 18. Rc4 Rxc4 19. Qxc4 e6 20. a4 Bc6
21. Bd1 b5 1/2-1/2

[Event "Landesklasse Ost 2012/2013"]
[Site "?"]
[Date "2013.03.24"]
[Round "8"]
[White "Steinacker, Alex"]
[Black "Wilmar, Andre"]
[Result "1-0"]
[WhiteElo "2142"]
[BlackElo "1904"]
[PlyCount "51"]
[EventDate "2013.??.??"]
[WhiteTeam "Erfurter Schachklub"]
[BlackTeam "Meuselwitzer SV"]

1. c4 c5 2. Nc3 Nf6 3. g3 d5 4. cxd5 Nxd5 5. Bg2 Nxc3 6. bxc3 e5 7. Nf3 Nc6 8.
d3 Be7 9. O-O O-O 10. Rb1 Rb8 11. Bb2 Be6 12. c4 f6 13. Qa4 Qd7 14. Qb5 a6 15.
Qb6 Rfc8 16. a3 Bd8 17. Qb3 b5 18. Qa2 a5 19. Nd2 b4 20. Rfc1 Nd4 21. Bxd4 exd4
22. axb4 cxb4 23. Ra1 Ra8 24. Bxa8 Rxa8 25. Qa4 Qb7 26. Qe8# 1-0

[Event "Landesklasse Ost 2012/2013"]
[Site "?"]
[Date "2013.03.24"]
[Round "8"]
[White "Eicke, Andreas"]
[Black "Brüggemann, Joachim"]
[Result "0-1"]
[WhiteElo "1814"]
[BlackElo "2266"]
[PlyCount "64"]
[EventDate "2013.??.??"]
[WhiteTeam "Meuselwitzer SV"]
[BlackTeam "Erfurter Schachklub"]

1. Nf3 Nf6 2. d4 e6 3. g3 b5 4. Bg2 Bb7 5. O-O Be7 6. b3 O-O 7. Bb2 d6 8. Nbd2
Nbd7 9. c4 b4 10. Qc2 c5 11. Rfd1 cxd4 12. Nxd4 Bxg2 13. Kxg2 Qc7 14. f3 Rfc8
15. e4 g6 16. Rac1 e5 17. Ne2 a5 18. Nf1 a4 19. Ne3 Ra5 20. Ra1 Rca8 21. Qd2
Nc5 22. Qc2 Qb6 23. Nd5 Nxd5 24. cxd5 Qa6 25. h4 axb3 26. axb3 Nxb3 27. Rxa5
Nxa5 28. Ra1 Bd8 29. Nc1 Rc8 30. Qa4 Bb6 31. Kh3 Qf1+ 32. Kg4 h5+ 0-1

[Event "Landesklasse Ost 2012/2013"]
[Site "?"]
[Date "2013.03.24"]
[Round "8"]
[White "Hercher, Ralf"]
[Black "Troyke, Doreen"]
[Result "1/2-1/2"]
[WhiteElo "1739"]
[BlackElo "2025"]
[PlyCount "59"]
[EventDate "2013.??.??"]
[WhiteTeam "Meuselwitzer SV"]
[BlackTeam "Erfurter Schachklub"]

1. d4 d5 2. c4 c6 3. Nc3 Nf6 4. e3 e6 5. Bd3 Be7 6. Nf3 Nbd7 7. O-O O-O 8. b3
b6 9. Bb2 Bb7 10. Rc1 c5 11. cxd5 exd5 12. Nd2 Re8 13. Qf3 Qc7 14. Qf5 Nf8 15.
Nb5 Qc6 16. Qf3 a6 17. Na3 Ne6 18. Qd1 Rac8 19. Nf3 Qd6 20. Bb1 Red8 21. Ne5
cxd4 22. exd4 b5 23. Re1 Ne4 24. f3 Rxc1 25. Qxc1 Rc8 26. Qe3 Bg5 27. Qd3 b4
28. fxe4 bxa3 29. Ba1 dxe4 30. Qf1 1/2-1/2

[Event "Landesklasse Ost 2012/2013"]
[Site "?"]
[Date "2013.03.24"]
[Round "8"]
[White "Schneider, Thomas"]
[Black "Naundorf, Johannes"]
[Result "0-1"]
[WhiteElo "1887"]
[BlackElo "1476"]
[PlyCount "78"]
[EventDate "2013.??.??"]
[WhiteTeam "Erfurter Schachklub"]
[BlackTeam "Meuselwitzer SV"]

1. d4 Nf6 2. c4 e6 3. Nf3 b6 4. g3 Ba6 5. Qc2 c6 6. Bg2 d5 7. b3 Bb4+ 8. Bd2
Be7 9. O-O Nbd7 10. Bc1 O-O 11. Nbd2 Rc8 12. Bb2 c5 13. e3 b5 14. dxc5 bxc4 15.
b4 c3 16. Qxc3 Bxf1 17. Bxf1 Nb8 18. Nb3 Ne8 19. Qd2 Bf6 20. b5 Bxb2 21. Qxb2
Qe7 22. Rc1 Nd7 23. Qd4 e5 24. Qxd5 Nef6 25. Qb7 Rb8 26. Qa6 Rfc8 27. c6 Nb6
28. Rc5 e4 29. Nfd4 Rc7 30. Qa3 Rd8 31. Qb2 Na4 32. Qc2 Nxc5 33. Nxc5 g6 34.
Bh3 Rd5 35. Na6 Rh5 36. Nxc7 Qxc7 37. Bg2 Re5 38. a4 Re7 39. Ne2 Qe5 0-1

[Event "Landesklasse Ost 2012/2013"]
[Site "?"]
[Date "2013.03.24"]
[Round "8"]
[White "Kohl, Torsten"]
[Black "Fischer, Dieter"]
[Result "1/2-1/2"]
[WhiteElo "1681"]
[BlackElo "1941"]
[PlyCount "45"]
[EventDate "2013.??.??"]
[WhiteTeam "Meuselwitzer SV"]
[BlackTeam "Erfurter Schachklub"]

1. c4 c6 2. Nc3 d5 3. e3 Nf6 4. d4 Bf5 5. Nf3 e6 6. Be2 h6 7. O-O Be7 8. b3 O-O
9. a4 a5 10. Ba3 Na6 11. c5 Ne4 12. Nxe4 Bxe4 13. Ne5 f6 14. Nd3 Qe8 15. Nf4
Nc7 16. Bg4 Bd8 17. b4 e5 18. Nh5 Bg6 19. dxe5 fxe5 20. b5 Ne6 21. bxc6 bxc6
22. f4 exf4 23. exf4 1/2-1/2

[Event "Landesklasse Ost 2012/2013"]
[Site "?"]
[Date "2013.03.24"]
[Round "8"]
[White "Möller, Frank"]
[Black "Großmann, Dominic"]
[Result "1-0"]
[WhiteElo "1652"]
[BlackElo "1204"]
[PlyCount "113"]
[EventDate "2013.??.??"]
[WhiteTeam "Erfurter Schachklub"]
[BlackTeam "Meuselwitzer SV"]

1. e4 e5 2. f4 exf4 3. Nf3 d6 4. d4 Nf6 5. Nc3 Bg4 6. Bxf4 Nc6 7. Bb5 Be7 8. h3
Bh5 9. Qd3 Bg6 10. d5 a6 11. dxc6 axb5 12. cxb7 Rb8 13. Qxb5+ Qd7 14. Qxd7+
Kxd7 15. Nd2 Rxb7 16. O-O-O Rhb8 17. b3 Ke8 18. Rde1 Nh5 19. Nd5 Nxf4 20. Nxf4
c5 21. Nxg6 hxg6 22. Nc4 Rb4 23. Rhf1 Rxc4 24. bxc4 Bg5+ 25. Kd1 Rb1+ 26. Ke2
Rb2 27. Kd3 Rxa2 28. Ra1 Rxa1 29. Rxa1 Bf6 30. Ra7 Be5 31. g4 g5 32. Kd2 Bf4+
33. Kc3 Be5+ 34. Kb3 Bf4 35. Ka4 Be5 36. Kb5 Bf4 37. Kc6 Be5 38. Rd7 g6 39.
Rxd6 Ke7 40. Rd5 Ke6 41. Kxc5 f5 42. exf5+ gxf5 43. gxf5+ Kxf5 44. Kb6 Kf4 45.
Rxe5 Kxe5 46. c5 Kf4 47. c6 Kg3 48. c7 Kxh3 49. c8=Q+ g4 50. c4 Kg3 51. c5 Kf3
52. Qf5+ Kg3 53. c6 Kh3 54. c7 Kg2 55. Qxg4+ Kf2 56. c8=Q Kf1 57. Qc2 1-0

[Event "Landesklasse Ost 2012/2013"]
[Site "?"]
[Date "2013.03.24"]
[Round "8"]
[White "Hofmann, Harald"]
[Black "August, Christian"]
[Result "1/2-1/2"]
[WhiteElo "1603"]
[BlackElo "1946"]
[PlyCount "61"]
[EventDate "2013.??.??"]
[WhiteTeam "Meuselwitzer SV"]
[BlackTeam "Erfurter Schachklub"]

1. d4 Nf6 2. c4 e6 3. Nc3 Bb4 4. Bd2 d5 5. e3 O-O 6. Nf3 a6 7. a3 Be7 8. Bd3
dxc4 9. Bxc4 b5 10. Be2 Bb7 11. O-O c5 12. dxc5 Bxc5 13. Rc1 Nbd7 14. Na2 Ne4
15. Bb4 Bd5 16. Bxc5 Nexc5 17. Nb4 Bb7 18. Nd4 Rc8 19. Bf3 Qb6 20. Bxb7 Qxb7
21. Qf3 Qxf3 22. Nxf3 a5 23. Na2 Nd3 24. Rcd1 N7e5 25. Nxe5 Nxe5 26. Rd2 Nc4
27. Rc2 Rcd8 28. Nc3 b4 29. axb4 axb4 30. Ne4 Nb6 31. Rfc1 1/2-1/2

[Event "Landesklasse Ost 2012/2013"]
[Site "?"]
[Date "2013.03.24"]
[Round "8"]
[White "Skibbe, Diana"]
[Black "Mysliwiec, Jörg"]
[Result "0-1"]
[WhiteElo "1965"]
[BlackElo "2012"]
[PlyCount "56"]
[EventDate "2013.??.??"]
[WhiteTeam "TSV Zeulenroda"]
[BlackTeam "SSV Vimaria 91 Weimar"]

1. e4 c6 2. d4 d5 3. Nc3 dxe4 4. Nxe4 Nf6 5. Nxf6+ gxf6 6. Bf4 Bf5 7. Bd3 e6 8.
c3 Bxd3 9. Qxd3 Qd5 10. Nf3 Nd7 11. c4 Qa5+ 12. Bd2 Bb4 13. a3 Bxd2+ 14. Nxd2
O-O-O 15. O-O-O f5 16. Kb1 Ne5 17. Qc2 Rxd4 18. Nb3 Rxd1+ 19. Rxd1 Qc7 20. Qc3
Rg8 21. f4 Ng4 22. Nc5 Rd8 23. Rxd8+ Qxd8 24. h3 Nf6 25. Kc2 b6 26. Nd3 Kb7 27.
Ne5 Ne4 28. Nxf7 Qg8 0-1